| 000 | 00685nam a2200241Ia 4500 | ||
|---|---|---|---|
| 003 | OSt | ||
| 005 | 20221005093222.0 | ||
| 006 | a|||||r|||| 00| 0 | ||
| 007 | ta | ||
| 008 | 221004b |||||||| |||| 00| 0 eng d | ||
| 024 | _a18732 | ||
| 037 |
_bGift, 03/06/2015, _cTextual |
||
| 040 |
_aCRL _cCRL _beng |
||
| 041 |
_2eng _aeng |
||
| 082 | _aO111,3M85:g, K1 | ||
| 100 | _aLawrence D. H. | ||
| 245 | 0 | _aStudies in classic American literature | |
| 260 |
_aNew York _bViking Press U.S.A _c1966 |
||
| 300 |
_a177p. _ccm. |
||
| 650 | _aENGLISH LITERATURE | ||
| 942 |
_hO111,3M85:g, K1 _cTEXL _2cc |
||
| 999 |
_c1000016 _d1000016 |
||